• 首页
  • 本馆介绍
  • 公告通知
  • 最新文献
  • 馆藏检索
  • 电子资源
  • 读者导购
  • 参考咨询
  • 我的图书馆
  • 登录
  • 详细信息显示
  • 放入我的书架
  • 预约/预借图书
  • 作者相关作品
  • 分类相关作品
  • 丛书相关作品
  • 出版社相关作品

书目信息

  • 表格格式
  • 工作单格式
  • 卡片格式
题名:
新版课程标准解析与教学指导
    
 
作者: 朱立祥 , 乔文军 主编 ;杨涌 编写
分册:   初中生物学
出版信息: 北京   北京师范大学出版社  2022
页数: 407页
开本: 26cm
丛书名: 义务教育课程标准(2022年版)解析与教学指导丛书
单 册:
中图分类: G633 , G633.913
科图分类:
主题词: 生物课--初中--教学参考资料
电子资源:
ISBN: 978-7-303-28169-5
000 01239nam 2200301 450
001 012383747
005 20240924225023.0
010    @a978-7-303-28169-5@dCNY74.00
100    @a20240924d2022 em y0chiy50 ea
101 0  @achi
102    @aCN@b110000
105    @aa z 000yy
106    @ar
200 1  @a新版课程标准解析与教学指导@Axin ban ke cheng biao zhun jie xi yu jiao xue zhi dao@e2022年版@i初中生物学@f朱立祥,乔文军主编@g杨涌[等]编写
210    @a北京@c北京师范大学出版社@d2022
215    @a407页@c图@d26cm
225 2  @a义务教育课程标准(2022年版)解析与教学指导丛书
304    @a编写者还有:陈侠、田树青、杭跃男、雷明、李红菊等
330    @a本书分新版课程标准概述,课程内容、学业要求及教学实施,难点问题解析与指导三部分。内容包括:课程理念和目标解析、课程内容解析、学业质量标准解析、生物体的结构层次、生物的多样性、生物与环境等。
410  0 @12001 @a义务教育课程标准(2022年版)解析与教学指导丛书
606 0  @a生物课@x初中@j教学参考资料
690    @aG633@v5
690    @aG633.913@v5
701  0 @a朱立祥@Azhu li xiang@4主编
701  0 @a乔文军@Aqiao wen jun@4主编
702  0 @a杨涌@Ayang yong@4编写
801  0 @aCN@bAHXH@c20240924
905    @b214131107@b214131116@b214131125@b214131134@b214131143@dG633@e583@f5
    
    新版课程标准解析与教学指导:2022年版.初中生物学/朱立祥,乔文军主编/杨涌[等]编写.-北京:北京师范大学出版社,2022
    407页:图;26cm.-(义务教育课程标准(2022年版)解析与教学指导丛书)
    
    
    ISBN 978-7-303-28169-5:CNY74.00
    本书分新版课程标准概述,课程内容、学业要求及教学实施,难点问题解析与指导三部分。内容包括:课程理念和目标解析、课程内容解析、学业质量标准解析、生物体的结构层次、生物的多样性、生物与环境等。
●
相关链接 在E读中查询图书 在五车中查询图书 在当当中查询图书 在豆瓣中查询图书


正题名:新版课程标准解析与教学指导     索取号:G633/583         预约/预借

序号 登录号 条形码 馆藏地/架位号 状态 备注
1 1413110   214131107   第一样本阅览室/ [索取号:G633/583] 在馆    
2 1413111   214131116   第四借阅区/ [索取号:G633/583] 在馆    
3 1413112   214131125   第四借阅区/ [索取号:G633/583] 在馆    
4 1413113   214131134   第四借阅区/ [索取号:G633/583] 在馆    
5 1413114   214131143   第四借阅区/ [索取号:G633/583] 在馆    
唐山师范学院图书馆 欢迎您!
大连网信软件有限公司© 版权所有